000 00799nab a2200241 u 4500
001 13133
003 HDC
007 cr bn ---aaaaa
008 210212c my dr|nes 0 0eng
040 _aHDC
245 0 _aEurope Halal Food Industry 2016 Market Research Report
260 _a[no place] :
_b[publisher not identified],
_c[no year]
336 _atext
_2rdacontent
337 _acomputer
_2rdamedia
338 _aonline resource
_2rdacarrier
650 _aHalal food industry
_9128
650 _aMarket research
_913964
710 _aEmailWire.com
856 _zRequest full-text at [email protected]
942 _2lcc
942 _cNEWS
942 _kNWSO 002820
999 _c10449
_d10449